[Event "Titled Tuesday intern op 5th March"]
[Site "Chess.com INT"]
[Date "2019.03.05"]
[Round "7"]
[White "Chen, Michael"]
[Black "Mouhamad, Joachin"]
[Result "1-0"]
[WhiteElo "2147"]
[BlackElo "2330"]
[PlyCount "103"]
[EventDate "2019.03.05"]
[EventType "swiss (blitz)"]
[EventRounds "10"]
[EventCountry "USA"]
[SourceTitle "EXT 2021"]
[Source "ChessBase"]
[SourceDate "2020.10.23"]
[SourceVersion "1"]
[SourceVersionDate "2020.10.23"]
[SourceQuality "1"]

1. e4 c6 2. d4 d5 3. exd5 cxd5 4. c4 Nf6 5. Nc3 Nc6 6. Nf3 Bg4 7. cxd5 Nxd5 8. Be2 e6 9. 0-0 Be7 10. h3 Bh5 11. Ne4 0-0 12. a3 Rc8 13. b4 f5 14. Nc5 Bxc5 15. dxc5 Nc3 16. Qe1 Nxe2+ 17. Qxe2 Nd4 18. Qe3 Bxf3 19. gxf3 f4 20. Qe4 Qg5+ 21. Kh2 Qd5 22. Qxd5 exd5 23. Rd1 Nxf3+ 24. Kg2 Nh4+ 25. Kf1 Rf5 26. Rd4 g5 27. Bb2 Re8 28. Rad1 Rd8 29. b5 Kf7 30. c6 bxc6 31. bxc6 Rc8 32. Rxd5 Rxd5 33. Rxd5 Rxc6 34. Rxg5 Rc2 35. Bd4 f3 36. Ke1 Ra2 37. Rg7+ Ke6 38. Rxa7 Kd5 39. Bb6 Ng2+ 40. Kd1 h5 41. a4 Nf4 42. Rf7 Rxa4 43. Be3 Ra1+ 44. Kd2 Ra2+ 45. Kd1 Ra1+ 46. Kc2 Nxh3 47. Rxf3 Ng1 48. Rf5+ Ke4 49. Rxh5 Ra2+ 50. Kb3 Re2 51. Rh4+ Kd3 52. Rd4# 1-0

[Event "Michigan op-ch"]
[Site "Cadillac"]
[Date "2011.09.03"]
[Round "3"]
[White "Chen, Michael"]
[Black "Homa, Seth"]
[Result "0-1"]
[WhiteElo "2085"]
[BlackElo "2339"]
[PlyCount "96"]
[EventDate "2011.09.02"]
[EventType "swiss"]
[EventRounds "7"]
[EventCountry "USA"]
[SourceTitle "EXT 2015"]
[Source "ChessBase"]
[SourceDate "2014.11.20"]
[SourceVersion "1"]
[SourceVersionDate "2014.11.20"]
[SourceQuality "1"]

1. e4 c5 2. c3 Nf6 3. e5 Nd5 4. Bc4 e6 5. Nf3 d6 6. exd6 Bxd6 7. 0-0 0-0 8. d4 Nc6 9. dxc5 Bxc5 10. Nbd2 Be7 11. Nb3 Bf6 12. Re1 h6 13. Nbd4 Nxd4 14. Nxd4 b6 15. Bd3 Bxd4 16. cxd4 Bb7 17. Qg4 Nf6 18. Qh4 Qd5 19. f3 Rfd8 20. Be3 Rac8 21. Rad1 Qh5 22. Qg3 Bd5 23. Bd2 Nh7 24. Re5 f5 25. Bc3 Qf7 26. a3 Nf8 27. Ree1 Qf6 28. Rd2 Rd7 29. Rde2 g5 30. Qh3 h5 31. Re5 Ng6 32. Rxf5 exf5 33. Qxf5 Qxf5 34. Bxf5 Rxc3 35. bxc3 Re7 36. Rxe7 Nxe7 37. Be4 Kf7 38. Kf2 Ke6 39. Ke3 Nf5+ 40. Ke2 Nd6 41. Bg6 h4 42. g3 Nb5 43. Kd3 Nxa3 44. f4 gxf4 45. gxh4 Nc4 46. Be8 Kf6 47. Bb5 Nd6 48. Bd7 Bc4+ 0-1

[Event "North American-ch U12"]
[Site "Montreal"]
[Date "2010.08.19"]
[Round "7"]
[White "Song, Edward"]
[Black "Chen, Michael"]
[Result "0-1"]
[WhiteElo "1850"]
[BlackElo "2015"]
[PlyCount "58"]
[EventDate "2010.08.16"]
[EventType "swiss"]
[EventRounds "7"]
[EventCountry "CAN"]
[SourceTitle "EXT 2013"]
[Source "ChessBase"]
[SourceDate "2012.11.22"]
[SourceVersion "1"]
[SourceVersionDate "2012.11.22"]
[SourceQuality "1"]

1. e4 e5 2. Nf3 Nc6 3. Bc4 Bc5 4. 0-0 Nf6 5. d3 h6 6. Nc3 0-0 7. h3 d6 8. Be3 Bb6 9. Qd2 Be6 10. Bb3 Nd4 11. Bxd4 exd4 12. Ne2 c5 13. Bxe6 fxe6 14. Nh2 Bc7 15. f4 e5 16. fxe5 dxe5 17. Ng3 Qe8 18. Nf5 Bd8 19. Rf3 Nh5 20. Raf1 Bg5 21. Qa5 b6 22. Qa6 Nf4 23. Ng4 h5 24. Nh2 g6 25. Qc4+ Kh7 26. Ng3 Qc6 27. b4 h4 28. Nh1 Ne2+ 29. Kf2 Ng3 0-1